| 000 | 00924nam a2200253Ia 4500 | ||
|---|---|---|---|
| 005 | 20250425162121.0 | ||
| 008 | 250425s9999 xx 000 0 und d | ||
| 020 | _a9589271588 | ||
| 041 | _aspa | ||
| 082 | _a630 | ||
| 100 | _aAA, S | ||
| 245 | 0 | _aAGRICULTURA ECOLOGICA | |
| 250 | _a1A ED. | ||
| 260 | _aBOGOTA | ||
| 260 |
_aColombia _bTERRANOVA EDITORES _c1995 |
||
| 300 | _a436 | ||
| 500 |
_aEN CIBGZ-FIMCP D-30513. D-30976/977 C.2-3 _8,00 INGRESAN DIC.20.05 PARA ING. AGROP.- MHP. |
||
| 520 | _aPRESENTA LA HISTORIA DE LOS SISTEMAS DE PRODUCCION Y UNA BREVE DESCRIPCION DE LAS ALTERNATIVAS PARA APLICAR DICHOS SISTEMAS.TAMBIEN TRATA LOS EFECTOS NOCIVOS DE LOS AGROQUIMINCOS Y COMO ESTOS PUEDEN SER REEMPLAZADOS POR ALTERNATIVAS ECOLOGICAS.ADE | ||
| 650 | _aAGRICULTURA-ASPECTOS AMBIENTALES | ||
| 650 | _aECOLOGIA AGRICOLA | ||
| 710 | _aENCICLOPEDIA DE AGROPECUARIA | ||
| 942 | _c01 | ||
| 010 | _a51113 | ||
| 999 |
_c222669 _d222669 |
||